000 01088nam a22002417a 4500
005 20240305165453.0
007 cr|||| ||||
008 170910s2016 es |||||s|||| 00||0 spa d
020 _a978-84-16608-44-7
035 _a20581
040 _avLex
090 _c6954
_d6954
100 1 _aFabregat Monfort, Gemma
245 1 0 _aNuevas perspectivas del poder de dirección y control del empleador
_h[Recurso electrónico] /
_cGemma Fabregat Monfort
256 _aServicio en línea
260 _aAlbacete:
_bEditorial Bomarzo,
_c2016
300 _a1 recurso electrónico
506 1 _aDisponible solo en los productos indicados
_dvLex Global
_dvLex Global (Academic Edition, excluding Law Schools)
_dvLex Global (U.S. Academic Edition, Law Schools)
_dvLex Global (U.S. Academic Edition, excluding Law Schools)
_dvLex Global (Academic Edition, Law Schools)
650 0 4 _aDerecho Laboral y Seguridad Social
_zEspaña
740 0 _avLex Libros (Servicio en línea)
856 4 0 _uhttps://app.vlex.com/#/sources/nuevas-perspectivas-poder-direccion-control-empleador-20581
942 _cRAA
999 _c165200
_d165200